[Event "Fast < 1600"]
[Site "SchemingMind.com"]
[Date "2008.02.27"]
[Round "-"]
[White "Ercan"]
[Black "rampichino"]
[Result "1-0"]
[WhiteCountry "TUR"]
[BlackCountry "ITA"]
[WhiteElo "1471"]
[WhiteRD "105"]
[BlackElo "1169"]
[BlackRD "60"]
[GameID "143790"]

1. e4 d5 2. exd5 Qxd5 3. Nc3 Qd6 4. d3 a6 5. Be2 Nf6 6. Nf3 Bf5 7. O-O Nc6 8. Re1 e6 9. Qd2 O-O-O 10. b3 Nd4
11. Nxd4 Qxd4 12. Bb2 Bb4 13. a3 Bxc3 14. Bxc3 Qd6 15. Bxf6 gxf6 16. Qh6 Rhg8 17. Bf3 Rg6 18. Qh4 Rdg8 19. g3 Qc5 20. Re2 Bg4
21. Bxg4 Rxg4 22. Qxh7 R4g7 23. Qh4 Qg5 24. Qh3 f5 25. Kf1
1-0

[Event "Fast < 1600"]
[Site "SchemingMind.com"]
[Date "2008.02.28"]
[Round "-"]
[White "rampichino"]
[Black "Ercan"]
[Result "0-1"]
[WhiteCountry "ITA"]
[BlackCountry "TUR"]
[WhiteElo "1169"]
[WhiteRD "60"]
[BlackElo "1471"]
[BlackRD "105"]
[GameID "143791"]

1. e4 c5 2. c3 d5 3. exd5 Qxd5 4. d4 e6 5. Nf3 Nf6 6. Be2 Nc6 7. O-O cxd4 8. cxd4 b6 9. Nc3 Qd8 10. Bg5 Be7
11. Bxf6 Bxf6 12. Bb5 Bb7 13. d5 exd5 14. Re1+ Kf8 15. Qxd5 Nb4 16. Qxb7 Nc2 17. Rad1 Qb8 18. Re8+ Qxe8 19. Bxe8 Rxe8 20. Qxa7 Nd4
21. Nxd4 Bxd4 22. Qd7 Be5 23. g3 h5 24. Nd5 g6 25. Nc7 Re7
0-1

[Event "Fast < 1600"]
[Site "SchemingMind.com"]
[Date "2008.02.29"]
[Round "-"]
[White "cnbcad"]
[Black "Ercan"]
[Result "1-0"]
[WhiteCountry "USA"]
[BlackCountry "TUR"]
[WhiteElo "1556"]
[WhiteRD "54"]
[BlackElo "1442"]
[BlackRD "116"]
[GameID "144035"]

1. e4 e5 2. Nc3 Nf6 3. Bc4 Nc6 4. Nf3 d6 5. O-O Bg4 6. h3 Bxf3 7. Qxf3 Nd4 8. Qd3 c6 9. Ne2 Nxe2+ 10. Qxe2 d5
11. exd5 b5 12. Bb3 Nxd5 13. Qxe5+ Qe7 14. Re1 f6 15. Qxe7+ Bxe7 16. Bxd5 cxd5 17. b3 O-O 18. Rxe7 Rf7 19. Rxf7 Kxf7 20. Bb2 Rc8
21. c3 Ke6 22. Re1+ Kd6 23. Ba3+ Kc6 24. Re7
1-0

[Event "Fast < 1600"]
[Site "SchemingMind.com"]
[Date "2008.02.29"]
[Round "-"]
[White "Ercan"]
[Black "cnbcad"]
[Result "0-1"]
[WhiteCountry "TUR"]
[BlackCountry "USA"]
[WhiteElo "1471"]
[WhiteRD "105"]
[BlackElo "1635"]
[BlackRD "50"]
[GameID "144037"]

1. d4 d5 2. c4 dxc4 3. Nf3 b5 4. Nc3 a6 5. e4 Bb7 6. d5 c6 7. b3 cxd5 8. bxc4 b4 9. Qa4+ Bc6 10. Qxb4 e6
11. cxd5 exd5 12. Qd4 Ne7 13. Bd3 Qd7 14. O-O Bb7 15. exd5 Bxd5 16. Ng5 Nbc6 17. Qf4 f6 18. Nxd5 Qxd5 19. Qf3 Qxf3 20. Nxf3 Nc8
21. Re1+ Be7 22. Ba3 O-O 23. Bxe7 N8xe7 24. Rac1 Rfe8 25. Be4 Rac8 26. Bxc6 Nxc6 27. Rxe8+ Rxe8 28. Nh4 Nd4 29. Rd1 Nb5 30. h3 Nc3
31. Ra1 a5 32. a3 a4 33. Nf5 Re2 34. Nd6 Ne4 35. Kf1 Rxf2+
0-1

[Event "Fast < 1600"]
[Site "SchemingMind.com"]
[Date "2008.03.02"]
[Round "-"]
[White "Joe Daudish"]
[Black "cnbcad"]
[Result "1/2-1/2"]
[WhiteCountry "USA"]
[BlackCountry "USA"]
[WhiteElo "1757"]
[WhiteRD "53"]
[BlackElo "1556"]
[BlackRD "54"]
[GameID "144221"]

1. d4 d5 2. Nf3 Nf6 3. Bf4 Bf5 4. h3 e6 5. e3 c6 6. Nbd2 Bd6 7. c3 Bxf4 8. exf4 Qd6 9. g3 Nbd7 10. Bg2 Ne4
11. Nxe4 Bxe4 12. O-O h6 13. Ne5 Bxg2 14. Kxg2 f6 15. Nxd7 Qxd7 16. Qh5+ Qf7 17. Qxf7+ Kxf7 18. f3 Rac8=
1/2-1/2

[Event "Fast < 1600"]
[Site "SchemingMind.com"]
[Date "2008.03.01"]
[Round "-"]
[White "Joe Daudish"]
[Black "rampichino"]
[Result "1-0"]
[WhiteCountry "USA"]
[BlackCountry "ITA"]
[WhiteElo "1757"]
[WhiteRD "53"]
[BlackElo "1286"]
[BlackRD "64"]
[GameID "144222"]

1. d4 d5 2. Nf3 Nc6 3. Bf4 Nf6 4. h3 Bf5 5. c3 e6 6. e3 Bd6 7. Bxd6 Qxd6 8. Bd3 Bxd3 9. Qxd3 O-O 10. O-O Rfe8
11. Nbd2 a6 12. Rfe1 b5 13. a3
1-0

[Event "Fast < 1600"]
[Site "SchemingMind.com"]
[Date "2008.03.01"]
[Round "-"]
[White "Joe Daudish"]
[Black "Ercan"]
[Result "1-0"]
[WhiteCountry "USA"]
[BlackCountry "TUR"]
[WhiteElo "1757"]
[WhiteRD "53"]
[BlackElo "1442"]
[BlackRD "116"]
[GameID "144223"]

1. d4 d5 2. Nf3 Nc6 3. Bf4 Bg4 4. e3 Nf6 5. h3 Bf5 6. c3 e6 7. Bd3 Bxd3 8. Qxd3 Bd6 9. Bxd6 Qxd6 10. Nbd2 O-O
11. O-O Ne7 12. Ne5 b6 13. e4 c5 14. exd5 Qxd5 15. Nef3 Rad8 16. Rfe1 Nf5 17. Rad1 cxd4 18. c4 Qc5 19. a3 Qc7 20. b4 Nh5
21. Nb3 Nf4 22. Qe4 d3 23. Nbd4 Rfe8 24. Nxf5 d2 25. Rxd2 exf5 26. Qxe8+
1-0

[Event "Fast < 1600"]
[Site "SchemingMind.com"]
[Date "2008.03.02"]
[Round "-"]
[White "cnbcad"]
[Black "Joe Daudish"]
[Result "1-0"]
[WhiteCountry "USA"]
[BlackCountry "USA"]
[WhiteElo "1556"]
[WhiteRD "54"]
[BlackElo "1757"]
[BlackRD "53"]
[GameID "144224"]

1. e4 e6 2. d4 d5 3. e5 Ne7 4. Nf3 Ng6 5. b3 c5 6. c3 Be7 7. h4 Nxh4 8. Nxh4 Bxh4 9. Qg4 Nd7 10. Rxh4 g6
11. Bh6 cxd4 12. Bb5 a6 13. Bxd7+ Bxd7 14. Bg5 Qc7 15. Bf6 Rg8 16. Rxh7 dxc3 17. Qf4 Bb5 18. Qc1 d4 19. Na3 Bd3 20. Rh3 Bf5
21. Rh4 b5 22. Rxd4 c2 23. Rd2 Qc3 24. Kf1 Rc8 25. Ke2 Qxa1 26. Qxa1 g5 27. Qc1
1-0

[Event "Fast < 1600"]
[Site "SchemingMind.com"]
[Date "2008.03.01"]
[Round "-"]
[White "rampichino"]
[Black "Joe Daudish"]
[Result "0-1"]
[WhiteCountry "ITA"]
[BlackCountry "USA"]
[WhiteElo "1286"]
[WhiteRD "64"]
[BlackElo "1757"]
[BlackRD "53"]
[GameID "144225"]

1. e4 e6 2. d4 d5 3. e5 Ne7 4. f4 Ng6 5. Be3 Be7 6. Nf3 Bd7 7. c4 dxc4 8. Bxc4 Bc6 9. Nbd2 Bd5 10. b3 Bxc4
11. Nxc4 Nd7 12. O-O Nb6
0-1

[Event "Fast < 1600"]
[Site "SchemingMind.com"]
[Date "2008.03.01"]
[Round "-"]
[White "Ercan"]
[Black "Joe Daudish"]
[Result "0-1"]
[WhiteCountry "TUR"]
[BlackCountry "USA"]
[WhiteElo "1442"]
[WhiteRD "116"]
[BlackElo "1757"]
[BlackRD "53"]
[GameID "144226"]

1. e4 e6 2. e5 d5 3. d4 Ne7 4. Nf3 Ng6 5. c4 dxc4 6. Bxc4 Be7 7. O-O Nd7 8. Nc3 c6 9. Re1 Nb6 10. b3 Nxc4
11. bxc4 Bd7 12. Qb3 b6 13. c5 bxc5 14. dxc5 Bxc5 15. Qc4 Be7 16. Bb2 O-O 17. Rad1 Qc8 18. Ne4 c5 19. Ba3 Bc6 20. Nd6 Bxd6
21. exd6 Bxf3 22. d7 Qc6 23. gxf3 Rfd8 24. Bxc5 Rxd7 25. Qc3 h6 26. Rxd7 Qxd7 27. Bd4 e5 28. Bxe5 Nxe5 29. Rxe5 Qd6 30. f4 Rb8
31. Kg2 Kf8 32. a4 f6 33. Rc5 Rd8 34. Rc7 Qxf4 35. Qc5+ Kg8 36. Qe7 Qg4+ 37. Kf1 Rd1+
0-1

[Event "Fast < 1600"]
[Site "SchemingMind.com"]
[Date "2008.03.02"]
[Round "-"]
[White "jtrochez1"]
[Black "cnbcad"]
[Result "1-0"]
[WhiteCountry "HON"]
[BlackCountry "USA"]
[WhiteElo "1579"]
[WhiteRD "50"]
[BlackElo "1556"]
[BlackRD "54"]
[GameID "144476"]

1. e4 e5 2. Nf3 Nc6 3. Bc4 h6 4. Nc3 Nf6 5. d4 exd4 6. Nxd4 Nxd4 7. Qxd4 d5 8. exd5 Bd6 9. h3 O-O 10. Be3 Re8
11. O-O-O Be5 12. Qh4 Qd6 13. Bd2 g5 14. Qxh6 Nh7 15. Qxd6 Bxd6 16. g4 c6 17. dxc6 bxc6 18. Rhe1 Bd7 19. Rxe8+ Bxe8 20. Ne4 Bf4
21. Bxf4 a5 22. Nxg5 Nxg5 23. Bxg5 a4 24. Rd8
1-0

[Event "Fast < 1600"]
[Site "SchemingMind.com"]
[Date "2008.03.03"]
[Round "-"]
[White "jtrochez1"]
[Black "rampichino"]
[Result "1-0"]
[WhiteCountry "HON"]
[BlackCountry "ITA"]
[WhiteElo "1579"]
[WhiteRD "50"]
[BlackElo "1286"]
[BlackRD "64"]
[GameID "144477"]

1. e4 d5 2. exd5 Qxd5 3. Nc3 Qd6 4. Nf3 a6 5. d3 Nf6 6. h3 Bf5 7. Be3 e6 8. Be2 Nd5 9. Nxd5 Qxd5 10. c4 Qa5+
11. Bd2
1-0

[Event "Fast < 1600"]
[Site "SchemingMind.com"]
[Date "2008.03.03"]
[Round "-"]
[White "jtrochez1"]
[Black "Joe Daudish"]
[Result "0-1"]
[WhiteCountry "HON"]
[BlackCountry "USA"]
[WhiteElo "1548"]
[WhiteRD "57"]
[BlackElo "1758"]
[BlackRD "44"]
[GameID "144478"]

1. e4 e6 2. d4 d5 3. e5 Ne7 4. Nf3 Ng6 5. c4 c5 6. cxd5 exd5 7. Qd3 c4 8. Qc3 a5 9. Be2 Bb4 10. Bg5 Qb6
11. O-O Bxc3 12. bxc3 O-O 13. a4 Bg4 14. Nbd2 Nc6 15. Rfb1 Qc7 16. Rb5 Nge7 17. Bxe7 Nxe7 18. Rab1 Ra7 19. h3 Be6 20. Ng5 Bd7
21. Rc5 Bc6 22. e6 f6 23. Nf7 b6 24. Rxc6 Qxc6 25. Bg4 g6 26. Nf3 h5 27. Bxh5 gxh5 28. Nh4 Qxe6 29. Nh6+ Kg7 30. N6f5+ Nxf5
31. Nxf5+ Qxf5 32. Rxb6 Rff7
0-1

[Event "Fast < 1600"]
[Site "SchemingMind.com"]
[Date "2008.03.03"]
[Round "-"]
[White "jtrochez1"]
[Black "Ercan"]
[Result "0-1"]
[WhiteCountry "HON"]
[BlackCountry "TUR"]
[WhiteElo "1548"]
[WhiteRD "57"]
[BlackElo "1496"]
[BlackRD "100"]
[GameID "144479"]

1. e4 e5 2. Nf3 Nc6 3. Bc4 Nf6 4. Nc3 Bc5 5. h3 O-O 6. a3 d6 7. d3 Nd4 8. Be3 Qe7 9. Nd5 Nxd5 10. Bxd5 c6
11. Ba2 Qf6 12. Nxd4 Bxd4 13. Bxd4 exd4 14. Qd2 c5 15. Bc4 Be6 16. Bxe6 Qxe6 17. f3 Qg6 18. g4 Qf6 19. Qf2 Rae8 20. Qg3 d5
21. g5 Qe6 22. Kd2 dxe4 23. fxe4 Qg6 24. h4 f6 25. h5 Qxg5+ 26. Qxg5 fxg5 27. Raf1 g4 28. Rxf8+ Rxf8 29. Ke1 g3 30. Rg1 Rf3
31. Ke2 Rf2+ 32. Kd1 g2 33. Ke1 Rxc2 34. b4 b6 35. bxc5 bxc5 36. e5 Kf7 37. a4 Rc1+ 38. Kf2 Rxg1 39. Kxg1 c4 40. dxc4 d3
0-1

[Event "Fast < 1600"]
[Site "SchemingMind.com"]
[Date "2008.03.03"]
[Round "-"]
[White "cnbcad"]
[Black "jtrochez1"]
[Result "1/2-1/2"]
[WhiteCountry "USA"]
[BlackCountry "HON"]
[WhiteElo "1558"]
[WhiteRD "49"]
[BlackElo "1548"]
[BlackRD "57"]
[GameID "144480"]

1. e4 e5 2. Nf3 d6 3. d4 Bg4 4. d5 Be7 5. h3 Bh5 6. Be2 Bg6 7. O-O h6 8. Be3 Bxe4 9. c3 a6 10. Qa4+ b5
11. Bxb5+ Nd7 12. Bxd7+ Qxd7 13. Qxe4 Nf6 14. Qd3 e4 15. Qe2 exf3 16. Qxf3 O-O 17. Nd2 Rab8 18. Qg3 Kh7 19. b4 Nh5 20. Qf3 Nf6
21. Ne4 Nxe4 22. Qxe4+ f5 23. Qd3 Qb5 24. Qxb5 axb5 25. Rfe1 Bf6 26. Bd2 Rfe8 27. Rxe8 Rxe8 28. a4 bxa4 29. Rxa4 Re2 30. Be3 Bxc3
31. b5 g5 32. Ra7 Be5 33. Kf1 Rb2 34. Rxc7+ Kg6 35. b6 f4 36. Bc1 Rxb6 37. Ke2 Rb5 38. Bd2 Rxd5 39. Rc6 h5 40. Bc3=
1/2-1/2

[Event "Fast < 1600"]
[Site "SchemingMind.com"]
[Date "2008.03.03"]
[Round "-"]
[White "rampichino"]
[Black "jtrochez1"]
[Result "0-1"]
[WhiteCountry "ITA"]
[BlackCountry "HON"]
[WhiteElo "1286"]
[WhiteRD "64"]
[BlackElo "1579"]
[BlackRD "50"]
[GameID "144481"]

1. e4 e5 2. Nf3 d6 3. d4 exd4 4. Nxd4 Nf6 5. Nc3 c6 6. Bc4 Be7 7. O-O O-O 8. Bg5 h6 9. Bh4 Bd7 10. Nf5 Bxf5
11. exf5 Nbd7 12. Re1 Re8
0-1

[Event "Fast < 1600"]
[Site "SchemingMind.com"]
[Date "2008.03.03"]
[Round "-"]
[White "Joe Daudish"]
[Black "jtrochez1"]
[Result "1-0"]
[WhiteCountry "USA"]
[BlackCountry "HON"]
[WhiteElo "1758"]
[WhiteRD "44"]
[BlackElo "1548"]
[BlackRD "57"]
[GameID "144482"]

1. d4 d5 2. Nf3 Nc6 3. Bf4 Bf5 4. c3 h6 5. e3 a6 6. Bd3 Bxd3 7. Qxd3 e6 8. O-O Bd6 9. Bxd6 Qxd6 10. Nbd2 Nf6
11. Rfe1 O-O-O 12. e4 Rhe8 13. e5 Nxe5 14. dxe5 Qb6 15. exf6 g6 16. Nb3 Qd6 17. Ne5 Qf8 18. Qh3 Kb8 19. Rad1 c6 20. Qg3 Ka8
21. Qe3 Rd6 22. Na5 Rb8 23. b4 h5 24. a3 h4 25. h3 Qg8 26. Rd4 Qh7 27. Qg5 Rh8 28. Re3 Rdd8 29. Nb3 Kb8 30. a4 Rc8
31. a5 Qh5 32. Qxh5 Rxh5 33. Nxf7 Kc7 34. Rxe6 Rf8 35. Re7+ Kb8 36. Nc5 Rh7 37. Rxb7+ Kc8 38. Nd6+
1-0

[Event "Fast < 1600"]
[Site "SchemingMind.com"]
[Date "2008.03.03"]
[Round "-"]
[White "Ercan"]
[Black "jtrochez1"]
[Result "0-1"]
[WhiteCountry "TUR"]
[BlackCountry "HON"]
[WhiteElo "1496"]
[WhiteRD "100"]
[BlackElo "1548"]
[BlackRD "57"]
[GameID "144483"]

1. e4 e5 2. Nf3 d6 3. d4 Bg4 4. dxe5 Bxf3 5. Qxf3 dxe5 6. Nc3 c6 7. Bd3 Nf6 8. Bg5 Be7 9. O-O Nbd7 10. Rad1 Qc7
11. Bc4 h6 12. Bxf6 Nxf6 13. Rfe1 O-O 14. Rf1 Rad8 15. b3 Rxd1 16. Qxd1 Rd8 17. Qf3 Bd6 18. Rd1 Kh8 19. Ne2 b5 20. Bd3 Qc8
21. Qg3 Nh5 22. Qh4 Nf6 23. Ng3 Be7 24. Nf5 Re8 25. Nxh6 gxh6 26. Qxh6+ Nh7 27. f4 Bf8 28. Qh5 f6 29. c4 Bc5+ 30. Kh1 a6
31. f5 Qd7 32. Be2 Qc8 33. Rd3 Rg8 34. g4 Rg5 35. Qh4 Bd4 36. Rh3 Rg7 37. Qxf6 Kg8 38. Qh6 Qc7 39. g5 Kf8 40. g6 Nf6
41. Qh8+ Ng8 42. Rf3 Qa5 43. a4 Qe1+ 44. Bf1 Qc1 45. h4 Qh6 46. Qxh6 Nxh6 47. h5 Ng4 48. axb5 cxb5 49. cxb5 axb5 50. Bxb5 Ke7
51. Rd3 Kd6 52. Rd1 Nf2+
0-1

[Event "Fast < 1600"]
[Site "SchemingMind.com"]
[Date "2008.03.04"]
[Round "-"]
[White "rtcostelloe"]
[Black "cnbcad"]
[Result "0-1"]
[WhiteCountry "IRL"]
[BlackCountry "USA"]
[WhiteElo "1214"]
[WhiteRD "126"]
[BlackElo "1635"]
[BlackRD "50"]
[GameID "144602"]

1. a4 e5 2. d4 exd4 3. Qxd4 Nc6 4. Qc4 d5 5. Qd3 Nf6 6. Qe3+ Be7 7. a5 Nxa5 8. Rxa5 c5 9. b4 d4 10. Qd3 b6
11. Rb5 Bd7 12. h4 Bxb5 13. Qxb5+ Nd7 14. bxc5 O-O 15. Rh3 Bxc5 16. e4 d3 17. cxd3 Ne5 18. d4 Qxd4 19. Bb2 Bb4+ 20. Qxb4 Qxb4+
21. Nc3 Qxb2 22. Nd5 Ng4
0-1

[Event "Fast < 1600"]
[Site "SchemingMind.com"]
[Date "2008.03.03"]
[Round "-"]
[White "rtcostelloe"]
[Black "jtrochez1"]
[Result "0-1"]
[WhiteCountry "IRL"]
[BlackCountry "HON"]
[WhiteElo "1179"]
[WhiteRD "119"]
[BlackElo "1548"]
[BlackRD "57"]
[GameID "144603"]

1. b4 g6 2. Bb2 Nf6 3. a4 d6 4. Ra3 Bg7 5. Rf3 O-O 6. a5 b6 7. h4 Bb7 8. Rf4 e5 9. Rc4 c5 10. bxc5 bxc5
11. Na3 Qxa5 12. Bc3 Qxa3 13. Rh3 Qa6 14. Rg4 Nxg4 15. Ba1 Nd7 16. Qc1 c4 17. c3 Qb6 18. f3 Qf2+ 19. Kd1 Qxf1+ 20. Kc2 Qxc1+
21. Kxc1 Ngf6 22. g4 Bc8
0-1

[Event "Fast < 1600"]
[Site "SchemingMind.com"]
[Date "2008.03.03"]
[Round "-"]
[White "rtcostelloe"]
[Black "rampichino"]
[Result "1-0"]
[WhiteCountry "IRL"]
[BlackCountry "ITA"]
[WhiteElo "1276"]
[WhiteRD "143"]
[BlackElo "1286"]
[BlackRD "64"]
[GameID "144604"]

1. h4 d5 2. Nf3 Nc6 3. g4 Bxg4 4. Ng5 h6 5. Rg1 Qd7 6. Rg3 hxg5 7. hxg5 e5 8. f3 Bf5 9. Nc3 Bb4 10. a3 Bxc3
11. dxc3 O-O-O 12. e4
1-0

[Event "Fast < 1600"]
[Site "SchemingMind.com"]
[Date "2008.03.04"]
[Round "-"]
[White "rtcostelloe"]
[Black "Joe Daudish"]
[Result "0-1"]
[WhiteCountry "IRL"]
[BlackCountry "USA"]
[WhiteElo "1214"]
[WhiteRD "126"]
[BlackElo "1780"]
[BlackRD "46"]
[GameID "144605"]

1. d4 d5 2. Na3 e6 3. Bf4 Bd6 4. Qd2 Bxf4 5. Qxf4 a6 6. O-O-O Nf6 7. h4 Qd6 8. Qg5 O-O 9. h5 h6 10. Qe3 Bd7
11. Rh3 Nc6 12. Qf3 b5 13. e3 Na5 14. Rg3 Ne4 15. Rh3 c5 16. Qg4 c4 17. f3 Ng5 18. f4 f5 19. Qh4 Nxh3 20. Qxh3 b4
21. e4 bxa3 22. bxa3 fxe4 23. Qg4 Qxa3+ 24. Kd2 Nc6 25. Nh3 Nxd4 26. Ke1 Qe3+ 27. Be2 Nxe2 28. Nf2 Nc3+ 29. Kf1 Nxd1 30. Nxd1 Rxf4+
31. Qxf4 Qxf4+ 32. Ke1 d4 33. Nb2 Bb5 34. a4 c3 35. Nd1 Qd2#
0-1

[Event "Fast < 1600"]
[Site "SchemingMind.com"]
[Date "2008.03.03"]
[Round "-"]
[White "rtcostelloe"]
[Black "Ercan"]
[Result "0-1"]
[WhiteCountry "IRL"]
[BlackCountry "TUR"]
[WhiteElo "1179"]
[WhiteRD "119"]
[BlackElo "1496"]
[BlackRD "100"]
[GameID "144606"]

1. Nf3 d5 2. Nc3 d4 3. Nxd4 Qxd4 4. e3 Qd8 5. b4 Nf6 6. h3 e6 7. h4 Bxb4 8. Nb5 c6 9. Nd4 O-O 10. Rb1 c5
11. Nb5 a6 12. Nc3 Bxc3 13. dxc3 Qxd1+ 14. Kxd1 Nc6 15. h5 Ng4 16. Rh4 Nce5 17. Be2 f5 18. Ba3 b6 19. Rxb6 h6 20. Bxc5 Re8
21. Bd4 Nxf2+ 22. Ke1 Nfg4 23. a4 Nd7 24. Rc6 Bb7 25. Rc7 Bc8 26. Bc4 Kf8 27. Rc6 e5 28. Bxe5 Ndxe5 29. Bd5 Nxe3 30. Rc7 Rb8
31. Rf7+ Nxf7 32. Rf4 Bb7 33. Bb3 Nxg2+ 34. Kd2 Nxf4 35. c4 Rbd8+ 36. Kc3 a5 37. c5 Rc8 38. c6 Rxc6+ 39. Kb2 Rb6 40. c4 Re2+
41. Ka3 Re3 42. c5 Rbxb3+ 43. Ka2 Bd5 44. c6 Re2+
0-1

[Event "Fast < 1600"]
[Site "SchemingMind.com"]
[Date "2008.03.05"]
[Round "-"]
[White "cnbcad"]
[Black "rtcostelloe"]
[Result "1-0"]
[WhiteCountry "USA"]
[BlackCountry "IRL"]
[WhiteElo "1635"]
[WhiteRD "50"]
[BlackElo "1214"]
[BlackRD "126"]
[GameID "144607"]

1. e4 d5 2. e5 d4 3. Nf3 f6 4. exf6 gxf6 5. Bb5+ c6 6. Bc4 e6 7. O-O b5 8. Be2 Nh6 9. d3 Ng4 10. h3 Nh6
11. c4 f5 12. Ne5 Bg7 13. Bh5+ Kf8 14. Nf3 e5 15. cxb5 cxb5 16. Qb3 Qd6 17. Bxh6 Be6 18. Bxg7+ Kxg7 19. Qxb5
1-0

[Event "Fast < 1600"]
[Site "SchemingMind.com"]
[Date "2008.03.04"]
[Round "-"]
[White "jtrochez1"]
[Black "rtcostelloe"]
[Result "1-0"]
[WhiteCountry "HON"]
[BlackCountry "IRL"]
[WhiteElo "1548"]
[WhiteRD "57"]
[BlackElo "1179"]
[BlackRD "119"]
[GameID "144608"]

1. e4 d5 2. exd5 Qxd5 3. Nf3 Bg4 4. Nc3 Qc5 5. Be2 Nc6 6. Ne4 Qb4 7. Nc3 Rd8 8. a3 Qd6 9. Ne4 Qd5 10. d3 Nd4
11. O-O Nxf3+ 12. Bxf3 Be6 13. Nf6+ gxf6 14. Bxd5 Bxd5 15. Be3 Rd6 16. c4 Be6 17. d4 Bxc4 18. Re1 f5 19. Qa4+ b5 20. Qxa7 Rd8
21. Qxc7 Rd5 22. Rac1 Ba2 23. Qc6+
1-0

[Event "Fast < 1600"]
[Site "SchemingMind.com"]
[Date "2008.03.03"]
[Round "-"]
[White "rampichino"]
[Black "rtcostelloe"]
[Result "1-0"]
[WhiteCountry "ITA"]
[BlackCountry "IRL"]
[WhiteElo "1286"]
[WhiteRD "64"]
[BlackElo "1276"]
[BlackRD "143"]
[GameID "144609"]

1. e4 Nf6 2. e5 Ne4 3. d3 h5 4. dxe4 h4 5. Bc4 h3 6. Qf3 d5 7. Bxd5 Be6 8. Nc3 g6 9. Bg5 Rh5 10. Bxe6 Rxg5
11. Qxf7#
1-0

[Event "Fast < 1600"]
[Site "SchemingMind.com"]
[Date "2008.03.04"]
[Round "-"]
[White "Joe Daudish"]
[Black "rtcostelloe"]
[Result "1-0"]
[WhiteCountry "USA"]
[BlackCountry "IRL"]
[WhiteElo "1780"]
[WhiteRD "46"]
[BlackElo "1214"]
[BlackRD "126"]
[GameID "144610"]

1. d4 d5 2. Nf3 Qd6 3. c3 Qg6 4. Bf4 Qf6 5. e3 b5 6. Bxb5+ c6 7. Bd3 Bg4 8. Nbd2 Na6 9. h3 Bh5 10. Bxa6 c5
11. Be2 Qb6 12. Qa4+ Kd8 13. b4 a5 14. bxa5 Rxa5 15. Qc2 Nf6 16. O-O Bxf3 17. Bxf3 Qb5 18. Rfb1 Qd7 19. Rb8+ Qc8 20. Rxc8+ Kxc8
21. Qb3 c4 22. Qb8+ Kd7 23. Qc7+ Ke8 24. Qc8#
1-0

[Event "Fast < 1600"]
[Site "SchemingMind.com"]
[Date "2008.03.03"]
[Round "-"]
[White "Ercan"]
[Black "rtcostelloe"]
[Result "1-0"]
[WhiteCountry "TUR"]
[BlackCountry "IRL"]
[WhiteElo "1471"]
[WhiteRD "105"]
[BlackElo "1214"]
[BlackRD "126"]
[GameID "144611"]

1. e4 Nf6 2. e5 Nd5 3. d4 d6 4. c4 Nb4 5. Qa4+ c6 6. Qxb4 a5 7. Qd2 Na6 8. d5 dxe5 9. dxc6 bxc6 10. Qxd8+ Kxd8
11. Nf3 e4 12. Ng5 f6 13. Nf7+ Ke8 14. Nxh8 Bf5 15. Be2 e3 16. Bxe3 Nb4 17. Na3 Rd8 18. O-O Bd3 19. Bxd3 Nxd3 20. b3 h5
21. Rad1 f5 22. Ng6 Rd6 23. Nxf8 Kxf8 24. Nc2 f4 25. c5 Rg6 26. Rxd3 fxe3 27. Rxe3 e6 28. Nd4 h4 29. Nxe6+ Kg8 30. Nf4 Rf6
31. Re4 Rf5 32. h3 Rxc5 33. Ne6 Rc2 34. a3 Ra2 35. a4 Rb2 36. Nc5 Rc2 37. Ne6 g5 38. Nxg5 Rb2 39. Re3 c5 40. Rfe1 c4
41. bxc4 Ra2 42. Re8+ Kg7 43. R1e6
1-0